Responses for show #1944 - Thursday, February 4, 1993

Missing Final Jeopardy! responses and wagers.

Contestants

Les O'Shea, a real estate broker originally from San Francisco, California

Michael Schill, an artist from Menlo Park, California

Mac McGowan, a social worker from Phoenix, Arizona (whose 1-day cash winnings total $14,601)

[next game >>]

Jeopardy! Round responses

BRITISH POLITICS
SPORTS
FASHION
BOTANY
PEOPLE & PLACES
THE "I"'s HAVE IT
    $100 1
House of Commons

Mac
    $100 21
ice hockey

Michael
    $100 16
hot pants

Mac
    $100 24
birds

Michael
    $100 6
Los Angeles

Michael
    $100 11
Idaho

Les
    $200 2
Downing Street

Mac
    $200 22
the Kentucky Derby

Mac
    $200 17
apron

Michael
    $200 25
roots

Mac
    $200 7
Kenya

Mac
    $200 12
(Mac: What is Iberia... Iberian Peninsula?)
...
(Alex: A native of Spain, not the name for the peninsula.)

Iberian

MacLes
    $300 3
bencher

Les
    $300 23
(Alex: No football fans here, I see!)

Washington Redskins

Triple Stumper
    $300 18
Out of Africa

Mac
    $300 26
thorn

Mac
    $300 8
Seminoles

Michael
    $300 13
Incas

Mac
    $400 4
the cabinet

Les
    $400 29
(Michael: What is the luge?)

2-man bobsled

MichaelLes
    $400 19
sari

Michael
    $400 27
(Les: What is an egg?)

seed

MacLes
    $500 9
Cathay

Michael
    $400 14
illuminated

Triple Stumper
    $500 5
priivy council

Mac
    $500 30
Nolan Ryan

Triple Stumper
    $500 20
beret

Michael
    $500 28
grafting

Michael
    $500 10
Gypsies

Michael
    $500 15
ich

Michael

Scores at the first commercial break (after clue 13):

Mac Michael Les
$1,100 $1,400 $1,000

Scores at the end of the Jeopardy! Round:

Mac Michael Les
$2,600 $3,300 $1,000

Double Jeopardy! Round responses

THE HUMAN BODY
SITCOMS
CAPES
NOVEL CHARACTERS
THE FRENCH REVOLUTION
LET THEM EAT CAKE
    $200 15
ear

Mac
    $200 11
Henry Winkler

Michael
    $200 1
Cape Canaveral

Mac
    $200 20
Lady Chatterley's Lover

Mac
    $200 2
Napoleon Bonaparte

Mac
    $200 26
(Alex: Less than a minute to go, Michael.)

ordinary water

Triple Stumper
    $400 16
throat

Mac
    $400 12
The Beverly Hillbillies

Michael
    $400 7
Cape Horn

Mac
    $400 21
Scarlett O'Hara

Mac
    $400 3
the Bastille

Michael
    $400 27
shortcake

Michael
    $600 17
pregnancy

Michael
    $600 13
Estelle Getty

Triple Stumper
    $1,000 8
(Mac: What is Cape Hazards?)

Cape Fear

Mac
    $600 22
(Mac: Who is Phineas Fogg?)

Phileas Fogg

MacMichael
    $600 4
Louis XVI

Michael
    $600 28
English soup

Mac
    $800 18
liver

Michael
    $800 14
Designing Women

Mac
    $800 9
(Michael: What is the English Channel?)

Strait of Dover

MacMichael
    $800 24
Franz Kafka

Michael
    $800 5
bread

Mac
    $800 29
Pennsylvania Dutch

Mac
    $1000 19
pupils in their eyes

Mac
    $1000 23
Jerry Van Dyke

Mac
    $1000 10
(Mac: What is Cape Cod?)

Cape Ann

MacMichael
    $1,500 25
The Sound and the Fury

Michael
    $1000 6
Robespierre

Les
    $1000 30
(Mac: What is goat cheese?)

ricotta

MacMichael

Scores at the end of the Double Jeopardy! Round:

Mac Michael Les
$6,800 $10,800 $2,000

[wagering suggestions for these scores]

Final Jeopardy! Round responses

OSCAR-WINNING FILMS
Les----------------------------
$0
Mac---------------------------
$0
MichaelWhat is On The Waterfront?
$6,000
On the Waterfront

Final scores:

Mac Michael Les
$6,800 $16,800 $2,000
2nd place: a trip to Safety Harbor Spa & Fitness Center in Tampa Bay New champion: $16,800 3rd place: DIA fantasy console & mirror

Game dynamics:

Coryat scores:

Mac Michael Les
$7,800 $10,200 $2,000
25 R,
5 W
(including 1 DD)
23 R
(including 2 DDs),
2 W
6 R,
1 W

Combined Coryat: $20,000

The J! Archive is created by fans, for fans. Scraping, republication, monetization, and malicious use prohibited; this site may use cookies and collect identifying information. See terms. The Jeopardy! game show and all elements thereof, including but not limited to copyright and trademark thereto, are the property of Jeopardy Productions, Inc. and are protected under law. This website is not affiliated with, sponsored by, or operated by Jeopardy Productions, Inc. Join the discussion at JBoard.tv.